01813 2200205 4500001001900000005001500019035001800034007000300052008003900055082000700094084001300101100001400114245021100128250001000339260004600349520117000395600001201565990001501577990001501592INLIS000000000998720260511094303 a0010-03260227ta260511 | | |  a11 a11 KAM a0 aKAMALIYAH1 aAnalisis Efektivitas Penggunaan Aplikasi Sistem Keuangan Desa (Siskeudes) dalam Meningkatkan Kualitas Laporan Keuangan Desa Batu Belaman Kecamatan Kumai Kabupaten Kotawaringin Barat / KAMALIYAH /cKAMALIYAH aCet 1 aPalangka Raya :bPerpustakaan UMPR,c2026 aKamaliyah, 2026, Program Studi Administrasi Publik Universitas Muhammadiyah Palangka Raya, dengan judul “Analisis Efektivitas Penggunaan Aplikasi Sistem Keuangan Desa (Siskeudes) Dalam Meningkatkan Kualitas Laporan Keuangan Desa Batu Belaman Kecamatan Kumai Kabupaten Kotawaringin Barat”. Dibawah Bimbingan : Fitriani., M.AP., dan Nova Riyanti, S.Sos., M.A.P Latar belakang lahirnya Siskeudes (Sistem Keuangan Desa) pada tahun 2015 berakar dari kebutuhan mendesak untuk pengelolaan dana desa yang transparan, akuntabel, dan efisien pasca disahkannya UU Desa. Dikembangkan oleh BPKP dan Kemendagri atas rekomendasi KPK, aplikasi ini mengatasi rendahnya kompetensi aparat desa, potensi penyelewengan, serta rumitnya pelaporan manual. Menjawab tantangan tersebut, BPKP bekerja sama dengan Kemendagri meluncurkan Sistem Keuangan Desa (Siskeudes). Aplikasi ini dirancang untuk mempermudah perangkat desa mulai dari tahap perencanaan, penganggaran, pelaksanaan, penatausahaan, hingga pelaporan. Siskeudes bukan sekadar alat hitung, melainkan instrumen untuk menyeragamkan standar pelaporan keuangan desa di seluruh Indonesia agar selaras dengan regulasi yang berlaku. 4aSKRIPSI a2411233169 a2411233169